000 01673cam0 2200385 ib4500
001 BY-HR0000-br87860111
005 20260209124630.0
010 ^a978-5-17-145347-3
100 ^a20220919d2022 b\ y0rusy50 ca
101 0 ^arus
102 ^aRU
105 ^aa z 000oy
109 ^ama
200 1 ^aАйболит
^e[сказка]
^eдля дошкольного возраста
^fК. Чуковский
^gхудожники: С. Бордюг, Н. Трепенок
210 ^aМосква
^cАСТ
^cМалыш
^d2022
215 ^a[18] с., включая обложку
^cцв. ил.
^d24 см
225 1 ^aСерия "Сам читаю по слогам"
333 ^a0+
345 ^95000 экз.
608 ^aДЕТСКАЯ И ЮНОШЕСКАЯ ЛИТЕРАТУРА (художеств. произведение)
^3BY-NLB-ar9019
^2BYGNR
608 ^aСТИХОТВОРНАЯ СКАЗКА
^3BY-NLB-ar2853774
^2BYGNR
608 ^aЛИТЕРАТУРНАЯ СКАЗКА
^3BY-NLB-ar16440
^2BYGNR
686 ^a84
^2rubbk
690 ^a1
^xRSEK
^2Base
^9BY-MI0013
700 1 ^aЧуковский
^bК. И.
^gКорней Иванович
^cписатель
^f1882—1969
^3BY-NLB-ar2359749
702 1 ^aБордюг
^bС.
^3BY-SEK-125188
^4040
702 1 ^aТрепенок
^bН. А.
^gНаталья Альфонсовна
^cхудожница
^fрод. 1953
^3BY-SEK-ar6539808
^4040
801 0 ^aBY
^bBY-HR0000
^c20220919
^gRCR
801 2 ^aBY
^bBY-MA0017
^c20231111
^gRCR
801 2 ^aBY
^bBY-MI0013
^c20260209
^gRCR
035 ^a(BY-MI0013)BY-HR0000-br87860111
899 0 ^aBY-MI0013
^iЧ-88
^h84